000 00533nam a22001937a 4500
005 20251108172830.0
008 250721s2001 xx 000 0 ara d
082 1 4 _a519.53/مبا
100 1 _aالأخرس، عاطف
245 1 0 _aمبادئ الإحصاء /
264 1 _aعمان :
_bدار البركة،
_c2001.
300 _a260 ص.
650 1 7 _aالإحصاء
650 1 7 _aالإحصاء الوصفي
700 1 _aحمودة، سمير
700 1 _aإبراهيم، يزن
942 _2ddc
_cBK
999 _c89573
_d89573